Normal view
MARC view
Entry Personal Name
001 - CONTROL NUMBER
- control field: 44937
003 - CONTROL NUMBER IDENTIFIER
- control field:
005 - DATE AND TIME OF LATEST TRANSACTION
- control field: 20240425140533.0
008 - FIXED-LENGTH DATA ELEMENTS
- fixed length control field: 240425|| aca||aabn | a|a d
040 ## - CATALOGING SOURCE
- Original cataloging agency:
- Transcribing agency:
100 ## - HEADING--PERSONAL NAME
- Personal name: MCGEE T.G
670 ## - SOURCE DATA FOUND
- Source citation: Work cat.: ()23645: Ogun State. Ministry of finance and economic development 44936, Statistical abstract /, 1976
